Central Library OPAC University of Rajshahi

Psycho-Social Correlates of Mental Retardation : (Record no. 78528)

MARC details
000 -LEADER
fixed length control field 00904nam a2200241 a 4500
001 - CONTROL NUMBER
control field 78528
003 - CONTROL NUMBER IDENTIFIER
rucl marc code BD-RjUL
005 - DATE AND TIME OF LATEST TRANSACTION
control field 20211209083135.0
008 - FIXED-LENGTH DATA ELEMENTS--GENERAL INFORMATION
fixed length control field 210930s2004 bg a|||| m||| 00| 0 eng d
035 ## - SYSTEM CONTROL NUMBER
System control number (BD-RjUL)78754
040 ## - CATALOGING SOURCE
Original cataloging agency BD-RjUL
Language of cataloging eng
Transcribing agency BD-RjUL
Modifying agency BD-RjUL
041 ## - LANGUAGE CODE
Language code of text/sound track or separate title eng
082 ## - DEWEY DECIMAL CLASSIFICATION NUMBER
Classification number 362.3095492
Author mark and year SUP 2004
Edition number 23
100 ## - MAIN ENTRY--PERSONAL NAME
Personal name Sultana, Sabina
9 (RLIN) 248776
245 10 - TITLE STATEMENT
Title Psycho-Social Correlates of Mental Retardation :
Remainder of title A Study of Some Selected Cases /
Statement of responsibility, etc. Sabina Sultana ;
Linkage Supervisor : Anwarul Hasan
260 ## - PUBLICATION, DISTRIBUTION, ETC. (IMPRINT)
Place of publication, distribution, etc. Rajshahi :
Name of publisher, distributor, etc. Department of Psychology, University of Rajshahi,
Date of publication, distribution, etc. 2004
300 ## - PHYSICAL DESCRIPTION
Pagination iv, 234 Leaves :
Illustrations ill ;
Size 29 cm.
502 ## - DISSERTATION NOTE
Dissertation note Thesis (Ph. D.) -- Department of Psychology, University of Rajshahi, 2004
504 ## - BIBLIOGRAPHY, ETC. NOTE
Bibliography, etc References : Leaves [198]-213
650 ## - SUBJECT ADDED ENTRY--TOPICAL TERM
Topical term or geographic name as entry element Intellectual disability
Geographic subdivision Bangladesh
9 (RLIN) 249080
700 ## - ADDED ENTRY--PERSONAL NAME
Personal name Hasan, Anwarul, Supervisor
942 ## - ADDED ENTRY ELEMENTS (KOHA)
Source of classification or shelving scheme Dewey Decimal Classification
Koha item type Theses
Holdings
Lost status Source of classification or shelving scheme Damaged status Not for loan Collection code Permanent Location Current Location Shelving location Date acquired Source of acquisition Total Checkouts Full call number Date last seen Copy number Koha item type
  Dewey Decimal Classification   Not For Loan Theses Central Library, University of Rajshahi Central Library, University of Rajshahi Documentation Section 21/07/2005 Controller of Exam., R.U   THE 362.3095492 SUP 2004 30/09/2021 C-1 Theses